| 000 | 00908cam a2200217 a 4500 | ||
|---|---|---|---|
| 020 | _a0872623130 | ||
| 082 | 0 | 0 |
_a628.2 _bGRA _cD |
| 100 |
_aA.S.C.E _938756 |
||
| 245 | 0 | 0 |
_aGravity sanitary sewer design and construction / _cprepared by a joint task force of the American Society of Civil Engineers and the Water Pollution Control Federation. |
| 260 |
_aNew York, N.Y. : _bThe Society ; _aWashington, D.C. : _bThe Federation, _cc1982. |
||
| 300 |
_axv, 275 p. : _bill. ; _c24 cm. |
||
| 490 | 1 | _aWPCF manual of practice ; | |
| 500 | _aPrepared by the Joint Task Force on Sanitary Sewers. | ||
| 526 |
_a0 _b0 _c0 _d628_200000000000000_GRA |
||
| 650 | 0 |
_aD _96527 |
|
| 650 | 0 |
_aSewerage _xDesign and construction. _96041 |
|
| 710 | 2 |
_aAmerican Society of Civil Engineers. _9702 |
|
| 710 | 2 |
_aJoint Task Force on Sanitary Sewers. _944235 |
|
| 710 | 2 |
_aWater Pollution Control Federation. _96286 |
|
| 942 |
_2ddc _cBK |
||
| 999 |
_c548068 _d548068 |
||